Online Catalogue and eLibrary

The legal status of the female in the Sri Lanka law on family relations (Record no. 2850)

MARC details
000 -LEADER
fixed length control field 00469nam a2200169Ia 4500
005 - DATE AND TIME OF LATEST TRANSACTION
control field 20240530003617.0
008 - FIXED-LENGTH DATA ELEMENTS--GENERAL INFORMATION
fixed length control field 240331s9999 xx 000 0 und d
082 ## - DDC Classification
Item Number - Author Mark Goo
Class No. 346
100 ## - MAIN ENTRY--PERSONAL NAME
Personal name Goonesekere, Savitri
245 #4 - TITLE STATEMENT
Title The legal status of the female in the Sri Lanka law on family relations
Statement of responsibility, etc. Savithiri Goonesekere
250 ## - EDITION STATEMENT
Edition statement 1 st
260 ## - PUBLICATION, DISTRIBUTION, ETC.
Place of publication, distribution, etc. Colombo
Name of publisher, distributor, etc. M.D. Gunasena & Co. Ltd
Date of publication, distribution, etc. 1980
300 ## - PHYSICAL DESCRIPTION
Extent (e.g. Volumes, Pages etc.) 112 p .,
650 ## - SUBJECT ADDED ENTRY--TOPICAL TERM
Topical term or geographic name entry element Women
650 ## - SUBJECT ADDED ENTRY--TOPICAL TERM
Topical term or geographic name entry element Law
942 ## - Koha item type (Biblio)
Koha item type Books in Stacks (Lending)
Holdings
Lost status Damaged status Collection code Home library Current library Shelving location Date acquired Full call number Accession Number Item type
    Lending WERC Library WERC Library Social Science Cupboard 03/31/2024 346 Goo 16 Books in Stacks (Lending)

© WERC Library